Perjuangan tanpa keikhlasan

Bibliographic Details
Main Author: Mohd Rosli Saludin
Format: Book
Published: Penang : Goal Intelligent Publishing , 2008
Series:Koleksi cerita moral
Subjects:

MARC

LEADER 00000cam a2200000 7i4500
001 0000031500
005 20151222.0
008 120306
020 |a 9833730760 
090 0 0 |a MOR   |b MAL 
100 1 |a Mohd Rosli Saludin 
245 1 0 |a Perjuangan tanpa keikhlasan   |c Mohd Rosli Saludin 
260 |a Penang :   |b Goal Intelligent Publishing ,   |c 2008 
440 |a Koleksi cerita moral 
500 |a Children ages 10-12 years old (pink) 
650 0 |a Short stories, Malay 
999 |a 0001141447   |b Book   |c Children Collection   |e Perbadanan Perpustakaan Awam Johor 
999 |a 0001141448   |b Book   |c Children Collection   |e Cawangan Bandar Penawar 
999 |a 0001141449   |b Book   |c Children Collection   |e Perbadanan Perpustakaan Awam Johor 
999 |a 0001141450   |b Book   |c Children Collection   |e Cawangan Batu Pahat 
999 |a 0001141451   |b Book   |c Children Collection   |e Perbadanan Perpustakaan Awam Johor 
999 |a 0001141452   |b Book   |c Children Collection   |e Perbadanan Perpustakaan Awam Johor 
999 |a 0001228429   |b Book   |c Children Collection   |e Cawangan Tmn. Ungku Tun Aminah